Transforming the market (Record no. 109525)
[ view plain ]
| 000 -LEADER | |
|---|---|
| fixed length control field | 01040cad a22002055a 4500 |
| 001 - CONTROL NUMBER | |
| control field | L147377 |
| 008 - FIXED-LENGTH DATA ELEMENTS--GENERAL INFORMATION | |
| fixed length control field | 090507s2009 xxkado f 000 0 eng d |
| 035 ## - SYSTEM CONTROL NUMBER | |
| System control number | (Sirsi) u147377 |
| 041 0# - LANGUAGE CODE | |
| Language code of text/sound track or separate title | eng |
| 050 04 - LIBRARY OF CONGRESS CALL NUMBER | |
| Classification number | 333.724 $2 18 |
| 110 2# - MAIN ENTRY--CORPORATE NAME | |
| Corporate name or jurisdiction name as entry element | World Business Council for Sustainable Development |
| 9 (RLIN) | 4488 |
| 245 00 - TITLE STATEMENT | |
| Title | Transforming the market |
| Remainder of title | energy efficiency in buildings |
| Medium | [electronic resource] |
| 260 ## - PUBLICATION, DISTRIBUTION, ETC. | |
| Place of publication, distribution, etc. | Geneva |
| Name of publisher, distributor, etc. | World Business Council for Sustainable Development |
| Date of publication, distribution, etc. | 2009 |
| 520 ## - SUMMARY, ETC. | |
| Summary, etc. | Using new modelling, shows how energy use in buildings can be cut by 60% by 2050 (essential to meeting global climate change targets), but the building sector must make urgent changes to meet these global energy targets. Calls for a major, coordinated and global effort. |
| 590 ## - LOCAL NOTE (RLIN) | |
| Local note | KA NTK |
| 651 #4 - SUBJECT ADDED ENTRY--GEOGRAPHIC NAME | |
| Geographic name | International |
| 690 ## - LOCAL SUBJECT ADDED ENTRY--TOPICAL TERM (OCLC, RLIN) | |
| Topical term or geographic name as entry element | ENVIRONMENTAL AND LAND CONSULTANCY-ENERGY-ENERGY USE-ENERGY EFFICIENCY |
| 856 40 - ELECTRONIC LOCATION AND ACCESS | |
| Uniform Resource Identifier | <a href="https://www.wbcsd.org/templates/TemplateWBCSD5/layout.asp?MenuID=1">https://www.wbcsd.org/templates/TemplateWBCSD5/layout.asp?MenuID=1</a> |
| Public note | View this item free of charge at www.wbcsd.org... |
| 942 ## - ADDED ENTRY ELEMENTS (KOHA) | |
| Suppress in OPAC | 0 |
| Withdrawn status | Lost status | Source of classification or shelving scheme | Damaged status | Not for loan | Home library | Current library | Shelving location | Date acquired | Total Checkouts | Full call number | Barcode | Date last seen | Copy number | Price effective from | Koha item type |
|---|---|---|---|---|---|---|---|---|---|---|---|---|---|---|---|
| Dewey Decimal Classification | Virtual | Virtual | Online | 07/05/2009 | ONLINE PUBLICATION | 147377-2001 | 06/08/2019 | 1 | 06/08/2019 | Book |